00406nam a2200157Ia 45000010006000000050017000060080041000230410008000640820018000721000042000902450063001322600009001953000028002046500008002326540008002402242120260414150830.0260414t2012||||xx |||||||||||||| ||spa|| aESP a621.381bP45P aPérez García, Miguel ÁngeleAUT 0aInstrumentación electrónica :b230 problemas resueltos c2012 a427 páginas :c26 cm. aTCA aCET